1696 1892 1444 1873 1886 1284 1662 1339 1131 1914 1182 1996 1515 1805 1162 1198 1016 1396 1088 1119 1444 1763 1441 1744 1210 1338 1524 1985 1184 1708 1231 1204 1996 1709 1868 1058 1232 1417 1922 1245 1819 1524 1917 1380 1298 1447 1994 1778 1251 1072 1314 1431 1951 1219 1008 1004 1048 1169 1037 1065 1638 1866 1164 1620 1130 1535 1823 1991 1814 1647 1675 1650 1180 1688 1370 1555 1266 1639 1064 1847 1952 1639 1348 1548 1840 1985 1846 1238 1455 1245 1680 1833 1220 1377 1732 1479 1606 1457 1747 BCNSPRNW ULIB Ver.6.0+V

เปลี่ยนเป็นภาษาไทย

Change to English
 แสดงรายละเอียดบรรณานุกรม
  กลับหน้าหลัก

Brief Record : Get Marc (ISO 2709) : E-mail record : QR code < ปิดหน้าต่าง
LEADER : 00000nam 2200000uu 4500
001    13399122913
003     ULIB
008    131029s2012||||th 000 0 eng d
020    ^a9781609137830
060 04 ^aWY105^bM357
100 1  ^aMarquis, Bessie L.
245 10 ^aLeadership and management tools for the new nurse :^ba case study approach /^cBessie L. Marquis, Carol J. Huston.
260    ^aPhiladelphia :^bWolters Kluwer Health/Lippincott Williams & Wilkins,^c2012.
300    ^avi, 466 p. :^bill. (some col.) ;^c23 cm.
500    ^aAdaptation of: Leadership roles and management functions in nursing. 7th ed. c2012.
504    ^aIncludes bibliographical references and index.
650  0 ^aNursing services^xAdministration.
650  0 ^aLeadership.
650  2 ^aLeadership.
650  2 ^aNursing, Supervisory.
650  2 ^aNurse Administrators.
650  2 ^aNursing^xorganization & administration.
700 1  ^aHuston, Carol Jorgensen.
730 0  ^aLeadership roles and management functions in nursing.
945    ^p62^l0^i034131
999    ^aเกษร โพธิ์สุวรรณ
รายการนี้ยังไม่มีแท็ก
คุณยังไม่ได้ล็อกอิน คุณสามารถมีกิจกรรมร่วมกับเว็บไซต์ได้ แต่ต้องล็อกอินก่อน ::
  ล็อกอิน

รายการสื่อสารสนเทศ

ลำดับที่ ประเภท เลขเรียก/บาร์โค้ด สถานที่ สถานะ
1. Book การพยาบาล
Book การพยาบาล
WY105 M357  
  Barcode: 034131
ห้องสมุดวิทยาเขตสวรรค์ประชารักษ์
►หนังสือทั่วไป
บนชั้น

BibComment


ยังไม่เคยถูกคอมเมนท์

คอมเมนท์ทรัพยากรรายการนี้
  คอมเมนท์: Leadership and m..


 Copyright 2026. Bcnsprnw @Library